| 000 | 00577nam a2200229Ia 4500 | ||
|---|---|---|---|
| 003 | OSt | ||
| 005 | 20160901152148.0 | ||
| 008 | 151016s9999 xx 000 0 und d | ||
| 020 | _a9.7893505626e+012 | ||
| 040 | _cLIC | ||
| 082 |
_aDC 332 _bR313 |
||
| 245 | _aEmerging Challenges in E-Banking | ||
| 260 | _aNew Delhi | ||
| 260 | _bDiscovery Publishing House PVT LTD | ||
| 260 | _cc2013 | ||
| 300 | _a229 pages; | ||
| 300 | _c25 cm. | ||
| 504 | _aincludes index. | ||
| 650 |
_aBank and Banking _zIndia |
||
| 700 |
_aB. Ramachandra Reddy _eEditor |
||
| 942 |
_aDDC _2ddc _cDC |
||
| 999 |
_c142 _d142 |
||